Statistiche per Laghi italiani

Clicka qui per fare il quiz!

Statistiche generali

  • Questo quiz è stato fatto 860 volte
  • Il punteggio medio è 7 su 14

Statistiche sulle risposte

Superficie (km²)Nome% Corretto
370Lago di Garda (Benaco)
99%
145Lago di Como (Lario)
94%
212Lago Maggiore (Verbano)
88%
65,3Lago d'Iseo (Sebino)
76%
128Lago Trasimeno
67%
113,5Lago di Bolsena (Vulsino)
61%
57,5Lago di Bracciano (Sabatino)
54%
18,2Lago d'Orta (Cusio)
35%
15Lago di Varese
31%
48,7Lago di Lugano (Ceresio)
30%
51,5Lago di Lesina
26%
60,5Lago di Varano
25%
13Lago di Vico (Cimino)
25%
10,9Lago d'Idro (Eridio)
24%

Distribuzione punteggi

Percentile per numero di risposta

Percentuale di utenti per punteggio

I tuoi punteggi nel tempo

Non hai fatto questo quiz